=LDR 00000nam 2200000 4500 =001 INLIS000000000810562 =005 20260512013251 =035 ##$$a 0010-0526000016 =007 ta =008 260512###########################0#ara## =020 ##$$a 97860313744 =082 ##$$a 297.362 =084 ##$$a 297.362 MUB t =100 #$$a Mubarak bin Kholifi =245 1#$$a Tanwir Al mu'minin bi ahkam al shoimin =250 ##$$a Cet. 1 =260 ##$$a Riyadh, Arab Saudi :$b Dar al Minhaj =300 ##$$a 123 hlm. ; $c 11 x 13 cm.